00251nam a2200121Ia 4500100001900000250000600019654001700025245002800042260002400070082001500094300000800109546001200117 aLuthans/ Fred  a9 aorganisation aOrgaisational behaviour bMcGraw - Hillc2002 a658.4bLUT a644 aENGLISH